PRINCIPLES OF VOCATIONAL TRAINING (Record no. 21732)
[ view plain ]
| 000 -LEADER | |
|---|---|
| fixed length control field | 00310nam a22001337a 4500 |
| 003 - CONTROL NUMBER IDENTIFIER | |
| control field | SGT |
| 020 ## - INTERNATIONAL STANDARD BOOK NUMBER | |
| International Standard Book Number | 81-7391-792-2 |
| 082 ## - DEWEY DECIMAL CLASSIFICATION NUMBER | |
| Classification number | 365.65 |
| Item number | KUT |
| 100 ## - MAIN ENTRY--PERSONAL NAME | |
| Personal name | KUTTY. A.T. AHRESSIA |
| 245 ## - TITLE STATEMENT | |
| Title | PRINCIPLES OF VOCATIONAL TRAINING |
| 260 ## - PUBLICATION, DISTRIBUTION, ETC. (IMPRINT) | |
| Place of publication, distribution, etc | INDIA |
| Name of publisher, distributor, etc | KANISHKA PUB. |
| Year of Publication | 2018 |
| 300 ## - PAGE DESCRIPTION | |
| No. of Pages | 201 |
| 942 ## - ADDED ENTRY ELEMENTS (KOHA) | |
| Source of classification or shelving scheme | Dewey Decimal Classification |
| Koha item type | Books |
| 942 ## - ADDED ENTRY ELEMENTS (KOHA) | |
| -- | 2 |
| Withdrawn status | Lost status | Source of classification or shelving scheme | Damaged status | Not for loan | Collection code | Home library | Current library | Shelving location | Date acquired | Vendor Name | Cost, normal purchase price | SGTU | Bill Number | Total Checkouts | Full call number | Accession No. (Barcode) | Date last seen | Date last borrowed | Bill Date | Koha item type |
|---|---|---|---|---|---|---|---|---|---|---|---|---|---|---|---|---|---|---|---|---|
| Dewey Decimal Classification | EDUCATION | SGT Engineering Library | SGT Engineering Library | Text Book | 28/08/2021 | ABC | 995.00 | SGTU | 5174 | 1 | 365.65 KUT | ED4806 | 16/02/2022 | 25/12/2021 | 24/08/2021 | Books | ||||
| Dewey Decimal Classification | EDUCATION | SGT Engineering Library | SGT Engineering Library | Text Book | 28/08/2021 | ABC | 995.00 | SGTU | 5174 | 1 | 365.65 KUT | ED4807 | 16/02/2022 | 03/01/2022 | 24/08/2021 | Books |